[Event "Val d'Or"]
[Site "Val d'Or CAN"]
[Date "2000.05.21"]
[Round "3"]
[White "Langlais, Daniel"]
[Black "Tourangeau, Yvon"]
[Result "1-0"]
[WhiteElo "1528"]
[BlackElo "1365"]
[PlyCount "85"]
[GameId "2160767911711857"]
[EventDate "2000.05.20"]
[EventType "swiss"]
[EventRounds "4"]
[EventCountry "CAN"]
[SourceTitle "EXT 2005"]
[Source "ChessBase"]
[SourceDate "2004.11.15"]
[SourceVersion "1"]
[SourceVersionDate "2004.11.15"]
[SourceQuality "1"]

1. c4 e6 2. d4 d6 3. e4 Ne7 4. Bd3 g6 5. Na3 Bg7 6. Ne2 c6 7. O-O O-O 8. f4 f5 9. e5 dxe5 10. fxe5 Na6 11. Nc2 Nc7 12. b3 a6 13. Ba3 Rf7 14. Bd6 Bd7 15. Qd2 b6 16. Rf2 b5 17. Qa5 Ne8 18. Qd2 Bc8 19. c5 Nd5 20. Nb4 Nxb4 21. Qxb4 Bh6 22. Rf3 g5 23. g4 Raa7 24. Raf1 Ng7 25. h3 Bd7 26. Qe1 Qc8 27. Qb1 Rb7 28. Ng3 f4 29. Bxh7+ Kh8 30. Qg6 Nf5 31. Qxf7 Nxg3 32. Rxg3 Qe8 33. Qxe8+ Bxe8 34. Be4 fxg3 35. Rf6 Bg7 36. Rxe6 Bf7 37. Bxc6 Bxe6 38. Bxb7 a5 39. d5 Bf7 40. Kg2 Bg6 41. e6 b4 42. Bc6 Bb1 43. e7 1-0

[Event "Val d'Or"]
[Site "Val d'Or CAN"]
[Date "2000.05.21"]
[Round "3"]
[White "Michaud, Luc"]
[Black "Joly, Pierre"]
[Result "1-0"]
[WhiteElo "1651"]
[BlackElo "1578"]
[PlyCount "78"]
[GameId "2160767911711858"]
[EventDate "2000.05.20"]
[EventType "swiss"]
[EventRounds "4"]
[EventCountry "CAN"]
[SourceTitle "EXT 2005"]
[Source "ChessBase"]
[SourceDate "2004.11.15"]
[SourceVersion "1"]
[SourceVersionDate "2004.11.15"]
[SourceQuality "1"]

1. d4 g6 2. c4 Bg7 3. Nc3 d6 4. e4 Nc6 5. Be3 e5 6. d5 Nce7 7. Bd3 Nf6 8. Nge2 O-O 9. O-O a6 10. b4 b6 11. f3 Nd7 12. a4 a5 13. bxa5 Rxa5 14. Nb5 Ra8 15. Qd2 Ba6 16. Nec3 Nc8 17. a5 bxa5 18. Ra2 Ncb6 19. Rfa1 a4 20. Nxa4 Bxb5 21. cxb5 Rxa4 22. Rxa4 Nxa4 23. Rxa4 Nb6 24. Ra7 Qb8 25. Qa5 Rc8 26. Ra6 Qb7 27. Bxb6 cxb6 28. Qxb6 Qxb6+ 29. Rxb6 Bh6 30. Kf2 Bd2 31. Rxd6 Rb8 32. Rc6 Ba5 33. d6 Kf8 34. Bc4 Ke8 35. Kg3 Kd7 36. f4 Bc3 37. Bxf7 exf4+ 38. Kxf4 Bb4 39. e5 Bxd6 1-0

[Event "Val d'Or"]
[Site "Val d'Or CAN"]
[Date "2000.05.21"]
[Round "4"]
[White "Claude, Georges"]
[Black "Royer, Pierre"]
[Result "0-1"]
[WhiteElo "1405"]
[BlackElo "1358"]
[PlyCount "88"]
[GameId "2160767911711860"]
[EventDate "2000.05.20"]
[EventType "swiss"]
[EventRounds "4"]
[EventCountry "CAN"]
[SourceTitle "EXT 2005"]
[Source "ChessBase"]
[SourceDate "2004.11.15"]
[SourceVersion "1"]
[SourceVersionDate "2004.11.15"]
[SourceQuality "1"]

1. Nf3 Nf6 2. g3 d5 3. Bg2 c5 4. O-O Nc6 5. d3 e6 6. Nbd2 Be7 7. e4 O-O 8. Re1 Qc7 9. c3 b6 10. e5 Nd7 11. Qe2 Ba6 12. Nf1 Rac8 13. Bf4 Rfe8 14. h4 Nf8 15. N1h2 Ng6 16. Ng4 Nxf4 17. gxf4 Qd8 18. h5 h6 19. Kh2 d4 20. c4 Bb7 21. Rg1 Kh8 22. Rh1 Bf8 23. Kg3 Ne7 24. Nh4 Bxg2 25. Kxg2 Nf5 26. Nxf5 exf5 27. Nh2 Rc7 28. Rag1 Qa8+ 29. Kf1 a6 30. Nf3 b5 31. Nh4 Qc8 32. b3 bxc4 33. bxc4 Rb7 34. Kg2 Qd7 35. Qc2 Reb8 36. Rb1 a5 37. Rhe1 Be7 38. Kh3 Bxh4 39. Kxh4 a4 40. Rb5 Qc6 41. Qxa4 Rxb5 42. Rb1 Qf3 43. Qd1 Qxf2+ 44. Kh3 Rxb1 0-1

[Event "Val d'Or"]
[Site "Val d'Or CAN"]
[Date "2000.05.21"]
[Round "4"]
[White "Ferderber, Harold"]
[Black "Authier, Alain"]
[Result "1-0"]
[WhiteElo "1732"]
[BlackElo "1650"]
[PlyCount "57"]
[GameId "2160767911711861"]
[EventDate "2000.05.20"]
[EventType "swiss"]
[EventRounds "4"]
[EventCountry "CAN"]
[SourceTitle "EXT 2005"]
[Source "ChessBase"]
[SourceDate "2004.11.15"]
[SourceVersion "1"]
[SourceVersionDate "2004.11.15"]
[SourceQuality "1"]

1. e4 c5 2. Nf3 Nc6 3. d4 cxd4 4. Nxd4 Nf6 5. Nc3 e5 6. Ndb5 d6 7. Bg5 a6 8. Na3 b5 9. Nd5 Be7 10. Nxe7 Nxe7 11. f3 Be6 12. c3 O-O 13. Nc2 Qc7 14. Bd3 Rfd8 15. Qe2 Ng6 16. Ne3 h6 17. Bxf6 gxf6 18. Nd5 Bxd5 19. exd5 Nf4 20. Qe4 Nxd3+ 21. Qxd3 Qb6 22. Ke2 Rac8 23. Qf5 Kg7 24. h4 Rc4 25. Rh3 Rf4 26. Rg3+ Kf8 27. Qh7 Rxh4 28. Rg7 Ke8 29. Rxf7 1-0

[Event "Val d'Or"]
[Site "Val d'Or CAN"]
[Date "2000.05.21"]
[Round "4"]
[White "Joly, Pierre"]
[Black "Leblanc, Donald"]
[Result "1-0"]
[WhiteElo "1578"]
[BlackElo "1507"]
[PlyCount "47"]
[GameId "2160767911711862"]
[EventDate "2000.05.20"]
[EventType "swiss"]
[EventRounds "4"]
[EventCountry "CAN"]
[SourceTitle "EXT 2005"]
[Source "ChessBase"]
[SourceDate "2004.11.15"]
[SourceVersion "1"]
[SourceVersionDate "2004.11.15"]
[SourceQuality "1"]

1. e4 c5 2. Nf3 Nc6 3. d4 cxd4 4. Nxd4 Nf6 5. Nc3 a6 6. Be2 Qb6 7. Nf5 g6 8. Nh6 Bxh6 9. Bxh6 Qxb2 10. Bd2 Nb4 11. Bd3 Nxd3+ 12. cxd3 h5 13. O-O Ng4 14. Nd5 O-O 15. Bc3 Qb5 16. Nxe7+ Kh7 17. Nd5 Qc6 18. Qf3 f5 19. Qf4 b5 20. Qg5 Qe6 21. Nc7 Qd6 22. h3 Qxc7 23. Qe7+ Kh6 24. Bg7+ 1-0

[Event "Val d'Or"]
[Site "Val d'Or CAN"]
[Date "2000.05.21"]
[Round "4"]
[White "Langlais, Daniel"]
[Black "Brousseau, Yvan"]
[Result "0-1"]
[WhiteElo "1528"]
[BlackElo "1734"]
[PlyCount "98"]
[GameId "2160767911711863"]
[EventDate "2000.05.20"]
[EventType "swiss"]
[EventRounds "4"]
[EventCountry "CAN"]
[SourceTitle "EXT 2005"]
[Source "ChessBase"]
[SourceDate "2004.11.15"]
[SourceVersion "1"]
[SourceVersionDate "2004.11.15"]
[SourceQuality "1"]

1. d4 g6 2. e4 d6 3. Bd3 Bg7 4. Be3 c5 5. c3 cxd4 6. cxd4 Qb6 7. Qd2 Bd7 8. Ne2 Qd8 9. Nbc3 Nf6 10. f3 O-O 11. Rc1 Nc6 12. O-O a6 13. a3 e5 14. d5 Na5 15. Qd1 b5 16. b4 Nb7 17. Rc2 Ne8 18. g4 f5 19. gxf5 gxf5 20. exf5 Bxf5 21. Bxf5 Rxf5 22. Qd3 Qf6 23. Ne4 Qh4 24. N2g3 Rf4 25. Rg2 Rf8 26. Ng5 Nf6 27. Nf5 Qc4 28. Qxc4 bxc4 29. Nxg7 Nxd5 30. Bc1 Kxg7 31. Ne6+ Kf6 32. Nxf8 Rxf8 33. Bh6 Rf7 34. Rg8 a5 35. bxa5 Nxa5 36. Rd1 Ke6 37. Re8+ Ne7 38. Kf2 Nac6 39. Rf8 Rxf8 40. Bxf8 Nf5 41. Rc1 Na5 42. Rd1 Nb3 43. a4 c3 44. a5 c2 45. Rc1 Nxc1 46. a6 Nd3+ 47. Ke2 c1=Q 48. a7 Qe3+ 49. Kd1 Nd4 0-1

[Event "Val d'Or"]
[Site "Val d'Or CAN"]
[Date "2000.05.21"]
[Round "4"]
[White "Lecomte, Andre"]
[Black "Michaud, Luc"]
[Result "1-0"]
[WhiteElo "1890"]
[BlackElo "1650"]
[PlyCount "71"]
[GameId "2160767911711864"]
[EventDate "2000.05.20"]
[EventType "swiss"]
[EventRounds "4"]
[EventCountry "CAN"]
[SourceTitle "EXT 2005"]
[Source "ChessBase"]
[SourceDate "2004.11.15"]
[SourceVersion "1"]
[SourceVersionDate "2004.11.15"]
[SourceQuality "1"]

1. e4 c5 2. Nf3 e6 3. d4 cxd4 4. Nxd4 Nf6 5. Nc3 a6 6. e5 Ng8 7. Bd3 d6 8. exd6 Bxd6 9. Nf3 Nc6 10. O-O Nf6 11. Bg5 Be7 12. Qe2 Bd7 13. Rfd1 Qa5 14. a3 Nd4 15. Nxd4 Qxg5 16. Ne4 Qh6 17. c3 Nd5 18. Ng3 O-O 19. Be4 Nf4 20. Qf3 Rad8 21. Bxb7 a5 22. Nc6 Bxc6 23. Bxc6 Ng6 24. b4 Ne5 25. Qe4 Nxc6 26. Qxc6 Rc8 27. Qf3 Bf6 28. Ne4 Be5 29. g3 f5 30. Nc5 Rfd8 31. Rxd8+ Rxd8 32. Rd1 Rc8 33. Re1 Bf6 34. Rxe6 Qc1+ 35. Kg2 Qxa3 36. Qd5 1-0

[Event "Val d'Or"]
[Site "Val d'Or CAN"]
[Date "2000.05.21"]
[Round "4"]
[White "Tourangeau, Yvon"]
[Black "Lecompte, Ricky"]
[Result "1-0"]
[WhiteElo "1365"]
[BlackElo "1285"]
[PlyCount "127"]
[GameId "2160767911711865"]
[EventDate "2000.05.20"]
[EventType "swiss"]
[EventRounds "4"]
[EventCountry "CAN"]
[SourceTitle "EXT 2005"]
[Source "ChessBase"]
[SourceDate "2004.11.15"]
[SourceVersion "1"]
[SourceVersionDate "2004.11.15"]
[SourceQuality "1"]

1. d4 d5 2. c4 dxc4 3. Qa4+ Nc6 4. e3 Nf6 5. Nd2 Bd7 6. Qxc4 e6 7. a3 a6 8. Bd3 b5 9. Qc2 g6 10. Ngf3 Bg7 11. h3 O-O 12. Ne4 Nd5 13. O-O f5 14. Nc5 Re8 15. e4 Nf4 16. Bxf4 Nxd4 17. Nxd4 Bxd4 18. Nb3 c5 19. Nxd4 e5 20. Nxf5 exf4 21. Nh6+ Kg7 22. Ng4 Bxg4 23. hxg4 Qh4 24. Be2 Rh8 25. Qxc5 h5 26. Qc7+ Kh6 27. Qxf4+ Kg7 28. Qe5+ Kh6 29. Rad1 Qg5 30. Qxg5+ Kxg5 31. f4+ Kf6 32. e5+ Ke7 33. Rd6 h4 34. Rf3 a5 35. Rxg6 Rac8 36. Rc3 Rxc3 37. bxc3 Rc8 38. Bxb5 Rxc3 39. a4 Rg3 40. Kh2 Kf7 41. Rg5 Ke6 42. Be2 Re3 43. Bc4+ Kd7 44. Rh5 Re4 45. Bb5+ Ke6 46. Rh6+ Kd5 47. Bc6+ Kd4 48. Bxe4 Kxe4 49. g3 hxg3+ 50. Kxg3 Kd4 51. Ra6 Kd5 52. g5 Kc5 53. Rxa5+ Kb4 54. Ra8 Kc5 55. g6 Kd4 56. g7 Ke4 57. g8=Q Ke3 58. Qb3+ Ke4 59. Qf3+ Kf5 60. Rf8+ Ke6 61. Qc6+ Ke7 62. Qf6+ Kd7 63. Rf7+ Kc8 64. Qh8# 1-0

[Event "Weekend Before Xmas"]
[Site "Edmonton CAN"]
[Date "2000.12.16"]
[Round "1"]
[White "Chi, Jonathan"]
[Black "Reeve, Jeff"]
[Result "0-1"]
[WhiteElo "1627"]
[BlackElo "2305"]
[PlyCount "90"]
[GameId "2160767911635635"]
[EventDate "2000.12.16"]
[EventType "swiss"]
[EventRounds "5"]
[EventCountry "CAN"]

1. d4 Nf6 2. c4 c5 3. d5 b5 4. b3 g6 5. Bb2 Bg7 6. e4 d6 7. Nd2 O-O 8. Qc2 bxc4 9. Bxc4 a5 10. Ngf3 a4 11. Rb1 axb3 12. Bxb3 Na6 13. a3 Bg4 14. O-O Nd7 15. Bxg7 Kxg7 16. Qc3+ Kg8 17. Rfe1 Nc7 18. a4 Na6 19. e5 Nb4 20. e6 fxe6 21. dxe6 Nf6 22. Ng5 Nfd5 23. Bxd5 Nxd5 24. Qc4 Nf6 25. Nde4 Nxe4 26. Qxe4 Bf5 27. Qh4 h5 28. Ra1 Rb8 29. h3 Rb4 30. f4 Rf6 31. a5 Qa8 32. a6 Rb2 33. Qg3 Qa7 34. Qa3 Rb6 35. Qa4 Rf8 36. Qd7 Ra8 37. Kh2 c4 38. Rac1 Bd3 39. Red1 Rxa6 40. Rxd3 cxd3 41. Rc7 Qe3 42. Rc4 R6a7 43. Qb5 Ra2 44. Qd7 Rxg2+ 45. Kxg2 Ra2+ 0-1

[Event "Weekend Before Xmas"]
[Site "Edmonton CAN"]
[Date "2000.12.16"]
[Round "1.5"]
[White "Kazakevich, Anastasia"]
[Black "Hughey, Micah"]
[Result "1/2-1/2"]
[WhiteElo "1603"]
[BlackElo "2095"]
[PlyCount "42"]
[GameId "2160767911635636"]
[EventDate "2000.12.16"]
[EventType "swiss"]
[EventRounds "5"]
[EventCountry "CAN"]

1. d4 d5 2. c4 e6 3. Nc3 c5 4. e3 Nc6 5. Nf3 Nf6 6. cxd5 exd5 7. Be2 Bd6 8. O-O O-O 9. b3 Bg4 10. h3 Bh5 11. Bb2 a6 12. Rc1 cxd4 13. Nxd4 Bxe2 14. Ncxe2 Qd7 15. a3 Rac8 16. Nxc6 bxc6 17. Bxf6 gxf6 18. b4 Kh8 19. Nd4 Rg8 20. Qf3 Rg6 21. Kh1 Bb8 1/2-1/2

[Event "Weekend Before Xmas"]
[Site "Edmonton CAN"]
[Date "2000.12.16"]
[Round "3"]
[White "Gardner, Robert"]
[Black "Huber, Gregory"]
[Result "1-0"]
[WhiteElo "2335"]
[BlackElo "2353"]
[PlyCount "61"]
[GameId "2160767911635637"]
[EventDate "2000.12.16"]
[EventType "swiss"]
[EventRounds "5"]
[EventCountry "CAN"]

1. e4 c5 2. Nf3 e6 3. d4 cxd4 4. Nxd4 a6 5. Bd3 g6 6. c4 Bg7 7. Nb3 Nc6 8. Nc3 Nge7 9. Be2 O-O 10. O-O f5 11. exf5 gxf5 12. Be3 b6 13. Qd2 Ng6 14. Bh6 Rf7 15. Bxg7 Rxg7 16. f4 Bb7 17. Rf2 Nh4 18. Bf1 Kh8 19. Re1 Qf6 20. Re3 Rag8 21. Ne2 h5 22. Rg3 Na5 23. Nxa5 bxa5 24. Rxg7 Qxg7 25. Ng3 Qf7 26. Qe2 Rg4 27. Qe5+ Kh7 28. Be2 Bxg2 29. Rxg2 d6 30. Qxd6 Qb7 31. Rf2 1-0

[Event "Weekend Before Xmas"]
[Site "Edmonton CAN"]
[Date "2000.12.17"]
[Round "4"]
[White "Haynes, Nicolas"]
[Black "Yearwood, Roy"]
[Result "0-1"]
[WhiteElo "1999"]
[BlackElo "2218"]
[PlyCount "69"]
[GameId "2160767911635638"]
[EventDate "2000.12.16"]
[EventType "swiss"]
[EventRounds "5"]
[EventCountry "CAN"]

1. d4 Nf6 2. c4 c5 3. d5 b5 4. Nf3 g6 5. cxb5 a6 6. Nc3 Bg7 7. e4 d6 8. a4 O-O 9. Qc2 Nbd7 10. h3 axb5 11. Bxb5 Ne8 12. Bxd7 Qxd7 13. O-O Nc7 14. Bf4 Na6 15. Na2 Qb7 16. Rab1 f5 17. e5 Qxd5 18. Nc3 Qc4 19. Qd2 g5 20. Bxg5 dxe5 21. Nd5 e4 22. Nxe7+ Kh8 23. Qf4 Qe6 24. Nh4 Nb4 25. Qc7 Ba6 26. Rfd1 Nd3 27. Rd2 Rf7 28. a5 Be5 29. Qc6 Rxe7 30. Qxa8+ Re8 31. Qa7 Bb8 32. Bf6+ Qxf6 33. Qd7 Rd8 34. Qxf5 Qxh4 35. g3 0-1

[Event "Weekend Before Xmas"]
[Site "Edmonton CAN"]
[Date "2000.12.17"]
[Round "4"]
[White "Reeve, Jeff"]
[Black "Gardner, Robert"]
[Result "1/2-1/2"]
[WhiteElo "2305"]
[BlackElo "2335"]
[PlyCount "95"]
[GameId "2160767911635639"]
[EventDate "2000.12.16"]
[EventType "swiss"]
[EventRounds "5"]
[EventCountry "CAN"]

1. e4 c5 2. Nf3 d6 3. d4 cxd4 4. Nxd4 Nf6 5. Nc3 a6 6. Bg5 e6 7. f4 Nc6 8. e5 h6 9. Bh4 Nxd4 10. Qxd4 dxe5 11. Qxd8+ Kxd8 12. fxe5 g5 13. Bg3 Nd7 14. O-O-O Bg7 15. Bc4 Ke7 16. Rhe1 b5 17. Bd5 Rb8 18. Bc6 Rd8 19. Bxd7 Rxd7 20. Ne4 Rxd1+ 21. Rxd1 Bb7 22. Nc5 Bxg2 23. Rd7+ Ke8 24. Rc7 Bd5 25. Nxa6 Rd8 26. Rc5 h5 27. Nc7+ Ke7 28. h4 Bh6 29. Nxd5+ Rxd5 30. Rxd5 gxh4+ 31. Kd1 exd5 32. Bxh4+ Ke6 33. b3 Kxe5 34. a4 bxa4 35. bxa4 Kd4 36. Bf6+ Kc4 37. Ke2 Bf4 38. Bh4 Bc7 39. Be1 Bd6 40. Kf3 Bb4 41. a5 Bc5 42. Kf4 Kb5 43. Ke5 d4 44. Kf6 Bd6 45. Kxf7 Bc7 46. Kg6 Bxa5 47. Bf2 Kc4 48. Kxh5 1/2-1/2

[Event "Weekend Before Xmas"]
[Site "Edmonton CAN"]
[Date "2000.12.17"]
[Round "5"]
[White "Gardner, Robert"]
[Black "Hughey, Micah"]
[Result "1-0"]
[WhiteElo "2335"]
[BlackElo "2095"]
[PlyCount "99"]
[GameId "2160767911635640"]
[EventDate "2000.12.16"]
[EventType "swiss"]
[EventRounds "5"]
[EventCountry "CAN"]

1. f4 Nf6 2. Nf3 c5 3. g3 g6 4. Bg2 Bg7 5. d3 Nc6 6. e4 d6 7. O-O O-O 8. Nc3 Rb8 9. h3 e5 10. g4 h5 11. g5 Ne8 12. f5 gxf5 13. exf5 Bxf5 14. Nxe5 Bg6 15. Nxg6 fxg6 16. Bd5+ Kh8 17. Rxf8+ Bxf8 18. Qf3 Qe7 19. Bd2 Ne5 20. Qg2 Nc7 21. Be4 Bg7 22. Re1 Qd7 23. Nd5 Nxd5 24. Bxd5 b6 25. Bc3 Rf8 26. Be4 Qf7 27. Rf1 Qxf1+ 28. Qxf1 Rxf1+ 29. Kxf1 Kh7 30. Ke2 Bh8 31. d4 Nc4 32. dxc5 Bxc3 33. cxb6 axb6 34. bxc3 Kg7 35. Kd3 Ne5+ 36. Kd4 Kf8 37. Kd5 Ke7 38. c4 h4 39. a4 Kd7 40. c3 Nf7 41. Bxg6 Nxg5 42. Bf5+ Kc7 43. Bg4 Nf7 44. Ke6 Ng5+ 45. Kf5 Nf7 46. Be2 Kc6 47. Kg4 Kc5 48. Kxh4 Ne5 49. Kg5 Nxc4 50. Bxc4 1-0

[Event "Winnipeg Tuesday Night op 3rd"]
[Site "Winnipeg CAN"]
[Date "2000.03.07"]
[Round "1"]
[White "Moffat, Ron"]
[Black "Remillard, John"]
[Result "1-0"]
[WhiteElo "1755"]
[BlackElo "1556"]
[PlyCount "111"]
[GameId "2160767911732948"]
[EventDate "2000.03.07"]
[EventType "swiss"]
[EventRounds "4"]
[EventCountry "CAN"]
[SourceTitle "EXT 2005"]
[Source "ChessBase"]
[SourceDate "2004.11.15"]
[SourceVersion "1"]
[SourceVersionDate "2004.11.15"]
[SourceQuality "1"]

1. d4 d5 2. c4 Nf6 3. Nc3 dxc4 4. e4 e6 5. Bxc4 Be7 6. Nf3 O-O 7. O-O Re8 8. Qe2 c6 9. Bg5 Nfd7 10. Be3 b5 11. Bd3 a5 12. Rac1 Ba6 13. Rfd1 b4 14. Na4 Bxd3 15. Qxd3 Nb6 16. Nxb6 Qxb6 17. d5 Qa6 18. dxe6 Qxd3 19. exf7+ Kxf7 20. Rxd3 Ke6 21. Nd4+ Ke5 22. Nxc6+ Nxc6 23. Rxc6 Kxe4 24. Rd7 Bf6 25. Rc4+ Kf5 26. b3 Red8 27. Rcc7 Rxd7 28. Rxd7 Rd8 29. Rxd8 Bxd8 30. f3 h5 31. Kf2 g5 32. Ke2 g4 33. fxg4+ Kxg4 34. Bf2 h4 35. h3+ Kf4 36. Kd3 Bf6 37. Ke2 Bd8 38. Be1 Ke4 39. g3 hxg3 40. Bxg3 Kd4 41. h4 Kc3 42. Be5+ Kc2 43. h5 Bg5 44. Bc7 Kb2 45. Bxa5 Kxa2 46. Bxb4 Kxb3 47. Bd2 Bf6 48. Kd3 Bg7 49. Ke4 Kc4 50. Kf5 Kd5 51. Kg6 Bd4 52. h6 Ke6 53. Bg5 Be5 54. h7 Bd4 55. Bh6 Ke7 56. Bg7 1-0

[Event "Winnipeg Tuesday Night op 3rd"]
[Site "Winnipeg CAN"]
[Date "2000.03.07"]
[Round "1"]
[White "Proulx, Roy"]
[Black "Schulz, Waldemar"]
[Result "0-1"]
[WhiteElo "1722"]
[BlackElo "2037"]
[PlyCount "62"]
[GameId "2160767911732949"]
[EventDate "2000.03.07"]
[EventType "swiss"]
[EventRounds "4"]
[EventCountry "CAN"]
[SourceTitle "EXT 2005"]
[Source "ChessBase"]
[SourceDate "2004.11.15"]
[SourceVersion "1"]
[SourceVersionDate "2004.11.15"]
[SourceQuality "1"]

1. d4 Nf6 2. Nf3 g6 3. c4 Bg7 4. Nc3 d5 5. Bf4 O-O 6. e3 c5 7. Ne5 Be6 8. Be2 cxd4 9. exd4 Nc6 10. O-O dxc4 11. Nxc6 bxc6 12. Be5 Qa5 13. Rc1 Bh6 14. f4 Nd5 15. f5 Ne3 16. Qa4 Qxa4 17. Nxa4 Nxf5 18. Rc3 Rfd8 19. Nc5 Bd5 20. Bxc4 Bxc4 21. Rxc4 Ne3 22. Rc3 Nxf1 23. Kxf1 f6 24. Bc7 Rxd4 25. Ne6 Rd1+ 26. Kf2 Rd2+ 27. Kf3 Rxb2 28. Rxc6 Rxa2 29. Bd8 Kf7 30. Bc7 Rd2 31. Ba5 Rd6 0-1

[Event "Winnipeg Tuesday Night op 3rd"]
[Site "Winnipeg CAN"]
[Date "2000.03.07"]
[Round "1"]
[White "Weijs, Harry"]
[Black "Milord, Frank"]
[Result "1/2-1/2"]
[WhiteElo "1533"]
[BlackElo "1754"]
[PlyCount "34"]
[GameId "2160767911732950"]
[EventDate "2000.03.07"]
[EventType "swiss"]
[EventRounds "4"]
[EventCountry "CAN"]
[SourceTitle "EXT 2005"]
[Source "ChessBase"]
[SourceDate "2004.11.15"]
[SourceVersion "1"]
[SourceVersionDate "2004.11.15"]
[SourceQuality "1"]

1. d4 d5 2. Nf3 Nf6 3. Bg5 Bf5 4. Nbd2 Nbd7 5. e3 e6 6. Bd3 Bxd3 7. cxd3 Be7 8. O-O O-O 9. Rc1 Rc8 10. a3 c5 11. Qa4 Qb6 12. Ne5 Rc7 13. Nxd7 Nxd7 14. Bxe7 Rfc8 15. b4 cxd4 16. Rxc7 Qxc7 17. exd4 Nb6 1/2-1/2

[Event "Winnipeg Tuesday Night op 3rd"]
[Site "Winnipeg CAN"]
[Date "2000.03.14"]
[Round "2"]
[White "Klokow, John"]
[Black "Moffat, Ron"]
[Result "1-0"]
[WhiteElo "1748"]
[BlackElo "1755"]
[PlyCount "79"]
[GameId "2160767911732951"]
[EventDate "2000.03.07"]
[EventType "swiss"]
[EventRounds "4"]
[EventCountry "CAN"]
[SourceTitle "EXT 2005"]
[Source "ChessBase"]
[SourceDate "2004.11.15"]
[SourceVersion "1"]
[SourceVersionDate "2004.11.15"]
[SourceQuality "1"]

1. e4 c5 2. Nf3 e6 3. d4 cxd4 4. Nxd4 a6 5. Nc3 Qc7 6. g3 b5 7. Bg2 Bb7 8. O-O Nf6 9. Re1 d6 10. a4 b4 11. Nd5 Nxd5 12. exd5 e5 13. a5 Be7 14. Nf5 O-O 15. Qg4 g6 16. Nxe7+ Qxe7 17. Qxb4 Qc7 18. Be3 Nd7 19. Rec1 Rfc8 20. c4 Rab8 21. Qc3 Qd8 22. b4 Qe7 23. c5 dxc5 24. bxc5 Qf6 25. Qd2 Ba8 26. c6 Nf8 27. d6 e4 28. c7 Rb2 29. Qd4 Qxd4 30. Bxd4 Rd2 31. Rd1 Rc2 32. Bf1 Rc6 33. Be3 Nd7 34. Rac1 Ne5 35. Rxc6 Bxc6 36. Bxa6 Bd7 37. Bxc8 Bxc8 38. a6 Nf3+ 39. Kg2 Bxa6 40. d7 1-0

[Event "Winnipeg Tuesday Night op 3rd"]
[Site "Winnipeg CAN"]
[Date "2000.03.14"]
[Round "2"]
[White "Milord, Frank"]
[Black "Trueman, Francis"]
[Result "1-0"]
[WhiteElo "1754"]
[BlackElo "1510"]
[PlyCount "63"]
[GameId "2160767911732952"]
[EventDate "2000.03.07"]
[EventType "swiss"]
[EventRounds "4"]
[EventCountry "CAN"]
[SourceTitle "EXT 2005"]
[Source "ChessBase"]
[SourceDate "2004.11.15"]
[SourceVersion "1"]
[SourceVersionDate "2004.11.15"]
[SourceQuality "1"]

1. d4 Nf6 2. Nf3 g6 3. c4 Bg7 4. Nc3 d6 5. e4 O-O 6. Be2 c6 7. O-O e5 8. h3 exd4 9. Nxd4 Nbd7 10. Be3 Re8 11. f3 Nf8 12. Qd2 Ne6 13. Rad1 Nh5 14. Nxe6 Rxe6 15. c5 Ng3 16. Rfe1 Nxe2+ 17. Rxe2 Be5 18. Bg5 Qc7 19. f4 Bf6 20. Bxf6 Rxf6 21. e5 dxe5 22. Qd8+ Qxd8 23. Rxd8+ Kg7 24. Rxe5 Re6 25. Rxe6 fxe6 26. Ne4 b6 27. Nd6 bxc5 28. Rxc8 Rxc8 29. Nxc8 a5 30. Ne7 c4 31. Nxc6 a4 32. Ne5 1-0

[Event "Winnipeg Tuesday Night op 3rd"]
[Site "Winnipeg CAN"]
[Date "2000.03.14"]
[Round "2"]
[White "Weijs, Harry"]
[Black "Greenberg, Harley"]
[Result "0-1"]
[WhiteElo "1533"]
[BlackElo "1750"]
[PlyCount "32"]
[GameId "2160767911732953"]
[EventDate "2000.03.07"]
[EventType "swiss"]
[EventRounds "4"]
[EventCountry "CAN"]
[SourceTitle "EXT 2005"]
[Source "ChessBase"]
[SourceDate "2004.11.15"]
[SourceVersion "1"]
[SourceVersionDate "2004.11.15"]
[SourceQuality "1"]

1. d4 Nf6 2. Bg5 Ne4 3. Bf4 d5 4. Nd2 Bf5 5. Ngf3 e6 6. e3 Bd6 7. Ne5 Nd7 8. Be2 Nxe5 9. dxe5 Bc5 10. c3 g5 11. Nxe4 Bxe4 12. Bg3 Bxg2 13. Rg1 Be4 14. Qa4+ c6 15. Bh5 Qb6 16. O-O-O Bxe3+ 0-1

[Event "Winnipeg Tuesday Night op 3rd"]
[Site "Winnipeg CAN"]
[Date "2000.03.21"]
[Round "3"]
[White "Greenberg, Harley"]
[Black "Moffat, Ron"]
[Result "1-0"]
[WhiteElo "1750"]
[BlackElo "1755"]
[PlyCount "53"]
[GameId "2160767911732954"]
[EventDate "2000.03.07"]
[EventType "swiss"]
[EventRounds "4"]
[EventCountry "CAN"]
[SourceTitle "EXT 2005"]
[Source "ChessBase"]
[SourceDate "2004.11.15"]
[SourceVersion "1"]
[SourceVersionDate "2004.11.15"]
[SourceQuality "1"]

1. e4 c5 2. Nf3 e6 3. d4 cxd4 4. Nxd4 a6 5. c4 Nf6 6. Nc3 Bb4 7. Bd3 Qc7 8. Bg5 Qe5 9. Be3 Nxe4 10. f4 Nxc3 11. fxe5 Nxd1+ 12. Kxd1 Nc6 13. Nf3 d6 14. a3 Bc5 15. Bxc5 dxc5 16. Kd2 Bd7 17. Kc3 Rd8 18. Rhf1 h6 19. Rae1 O-O 20. g4 Bc8 21. g5 Nd4 22. gxh6 Nxf3 23. Rxf3 g6 24. h4 Rd4 25. h5 Rg4 26. Ref1 gxh5 27. h7+ 1-0

[Event "Winnipeg Tuesday Night op 3rd"]
[Site "Winnipeg CAN"]
[Date "2000.03.21"]
[Round "3"]
[White "Milord, Frank"]
[Black "Klokow, John"]
[Result "1/2-1/2"]
[WhiteElo "1754"]
[BlackElo "1748"]
[PlyCount "95"]
[GameId "2160767911732955"]
[EventDate "2000.03.07"]
[EventType "swiss"]
[EventRounds "4"]
[EventCountry "CAN"]
[SourceTitle "EXT 2005"]
[Source "ChessBase"]
[SourceDate "2004.11.15"]
[SourceVersion "1"]
[SourceVersionDate "2004.11.15"]
[SourceQuality "1"]

1. e4 c5 2. Nf3 e6 3. d4 cxd4 4. Nxd4 Nc6 5. Nc3 Nf6 6. Ndb5 d6 7. Bf4 e5 8. Bg5 a6 9. Bxf6 gxf6 10. Na3 b5 11. Nd5 Bb7 12. c3 Bg7 13. Nc2 Ne7 14. Nce3 Bxd5 15. Nxd5 Nxd5 16. Qxd5 Rc8 17. Rd1 Bf8 18. Be2 h5 19. O-O Qd7 20. a4 Rb8 21. axb5 axb5 22. Ra1 Qb7 23. Qxb7 Rxb7 24. Ra5 b4 25. Rb5 Rxb5 26. Bxb5+ Kd8 27. cxb4 d5 28. exd5 Bxb4 29. Ra1 Rf8 30. Be2 h4 31. Ra4 Be7 32. Rxh4 Kc7 33. Ra4 Kd6 34. Bc4 Kc5 35. b3 e4 36. Kf1 f5 37. Ra7 Bd6 38. h3 f4 39. Ra6 Be5 40. Rc6+ Kb4 41. Rb6+ Kc5 42. Rc6+ Kb4 43. Ra6 Kc5 44. f3 e3 45. Rc6+ Kb4 46. Ra6 Kc5 47. Kg1 Rd8 48. Kf1 1/2-1/2